| 000 | 00415nam a2200157Ia 4500 | ||
|---|---|---|---|
| 003 | SGT | ||
| 020 | _a9788121900034 | ||
| 082 |
_a620.136 _bSHE |
||
| 100 | _aShetty,M.S | ||
| 245 | _aConcrete Technology | ||
| 260 |
_bS.Chand _aN.Delhi _c2011 |
||
| 300 | _a624p. | ||
| 650 | _aCIVIL ENGINEERING | ||
| 653 | _aCEMENT,TYPES OF CEMENT AND TESTING OF CEMENT,AGGREGATES AND TESTING OF AGGREGATES,WATER, | ||
| 942 |
_2ddc _cBK |
||
| 999 |
_c5242 _d5242 |
||